|
|
|
|
| LEADER |
01494nam a2200337 a 4500 |
| 001 |
21350 |
| 003 |
BD-DhAAL |
| 008 |
101024r2010 nyua b 001 0 eng d |
| 999 |
|
|
|c 9877
|d 9877
|
| 010 |
|
|
|a 90048758
|
| 020 |
|
|
|a 9780470398425
|
| 020 |
|
|
|a 9780470388259 (cloth)
|
| 020 |
|
|
|a 0470388250 (cloth)
|
| 020 |
|
|
|a 0470398426 (pbk.)
|
| 040 |
|
|
|a DLC
|c DLC
|d DLC
|d BD-DhAAL
|
| 082 |
0 |
0 |
|a 576.5
|2 23
|
| 100 |
1 |
|
|a Snustad, D. Peter.
|9 40567
|
| 245 |
1 |
0 |
|a Principles of genetics /
|c D. Peter Snustad and Michael J. Simmons.
|
| 250 |
|
|
|a Fifth edition
|
| 260 |
|
|
|a New York ;
|a New Delhi :
|b J. Wiley,
|c c2009, 2010
|
| 300 |
|
|
|a xix, 821 pages :
|a xix, 823 pages ;
|c 29 cm.
|
| 504 |
|
|
|a Includes bibliographical references and index.
|
| 541 |
|
|
|e 00021350
|
| 650 |
|
0 |
|a Genetics.
|9 40568
|
| 650 |
|
0 |
|a Pharmacy.
|9 44426
|
| 700 |
1 |
|
|a Simmons, Michael J.
|9 40569
|
| 852 |
4 |
|
|a Ayesha Abed Library
|j General Stacks
|
| 942 |
0 |
0 |
|0 2
|2 ddc
|c BK
|
| 952 |
|
|
|0 0
|1 0
|2 ddc
|4 0
|6 576_500000000000000_SNU
|7 0
|9 12701
|a BRACUL
|b BRACUL
|c GEN
|d 2010-10-24
|l 44
|m 330
|o 576.5 SNU
|p 3010021350
|r 2025-10-30
|s 2025-10-21
|t 1
|w 2010-10-24
|y BK
|
| 952 |
|
|
|0 0
|1 0
|2 ddc
|4 0
|6 576_500000000000000_SNU
|7 0
|9 12702
|a BRACUL
|b BRACUL
|c GEN
|d 2010-10-24
|l 36
|m 337
|o 576.5 SNU
|p 3010021351
|q 2026-04-27
|r 2025-07-20
|s 2025-07-20
|t 2
|w 2010-10-24
|y BK
|
| 952 |
|
|
|0 0
|1 0
|2 ddc
|4 0
|6 576_500000000000000_SNU
|7 0
|9 14130
|a BRACUL
|b BRACUL
|c GEN
|d 2011-01-23
|e Trust Line International
|g 4400.00
|l 30
|m 255
|o 576.5 SNU
|p 3010021842
|r 2026-04-05
|s 2026-03-28
|t 3
|w 2011-01-23
|y BK
|